| 000 | 00417nam a22001697a 4500 | ||
|---|---|---|---|
| 999 |
_c523952 _d523952 |
||
| 003 | NUST | ||
| 038 | _aShaban | ||
| 082 |
_a891.42 _bBAS |
||
| 100 |
_aBashir, Mudasir _914779 |
||
| 245 |
_aNain praan _cMudasir Bashir |
||
| 260 |
_aLahore -: _bSuchet Kitab Ghar, _c2010. |
||
| 300 | _a204 p. - ; | ||
| 500 | _aP.B | ||
| 880 |
_6100-02\r _aمدثر بشیر |
||
| 880 |
_6245-02\r _aنین پران |
||
| 942 |
_2ddc _cBK |
||